Adam Sandler Movies - Sudden Death - Statistics

General Stats
  • This quiz has been taken 2,447 times
  • The average score is 10 of 21
Answers on the Grid
Answers color-coded by a green-red scale on the quiz's grid according to % correct below.
Billy Madison
Happy Gilmore
The Wedding Singer
The Waterboy
Big Daddy
Punch-Drunk Love
Mr. Deeds
Anger Management
50 First Dates
Click
Bedtime Stories
Grown Ups
Jack and Jill
Hotel Transylvania
Pixels
Sandy Wexler
The Meyerowitz Stories
Murder Mystery
Hubie Halloween
Leo
Spaceman
Tropic Thunder
Zoolander 2
The Cable Guy
Home Alone 2: Lost in New York
Guardians of the Galaxy Vol. 2
Good Burger 2
Chip 'n Dale: Rescue Rangers
Old School
Wreck-It Ralph
School of Rock
Liar Liar
Mr. and Mrs. Smith
Hugo
Talladega Nights: The Ballad of Ricky Bobby
Starsky and Hutch
Dodgeball: A True Underdog Story
Wedding Crashers
Anchorman 2: The Legend Continues
Step Brothers
Big Fish
 
Answer Stats
Answer % Correct
Happy Gilmore
75%
Grown Ups
72%
50 First Dates
67%
Big Daddy
63%
Click
62%
The Waterboy
61%
Billy Madison
60%
Jack and Jill
59%
The Wedding Singer
55%
Pixels
54%
Anger Management
52%
Murder Mystery
52%
Hotel Transylvania
51%
Mr. Deeds
50%
Hubie Halloween
48%
Bedtime Stories
43%
Punch-Drunk Love
36%
Sandy Wexler
31%
The Meyerowitz Stories
22%
Leo
20%
Spaceman
17%
No matching quizzes found
Score Distribution
Percent of People with Each Score
Percentile by Number Answered
Your Score History
You have not taken this quiz